[Event "New Hampshire op 50th U1900"]
[Site "New Hampshire"]
[Date "2000.??.??"]
[Round "2"]
[White "French, Albert"]
[Black "Wrba, Joseph"]
[Result "1-0"]
[WhiteElo "1795"]
[BlackElo "1730"]
[PlyCount "117"]
[EventDate "2000.??.??"]
[EventType "swiss"]
[EventRounds "4"]
[EventCountry "USA"]
[SourceTitle "EXT 2003"]
[Source "ChessBase"]
[SourceDate "2002.11.25"]
[SourceVersion "1"]
[SourceVersionDate "2002.11.25"]
[SourceQuality "1"]

1. d4 e6 2. Nf3 b6 3. Bf4 Bb7 4. e3 Nf6 5. Nbd2 Be7 6. Bd3 d5 7. h3 0-0 8. 0-0 c5 9. c3 Nc6 10. Qe2 Rc8 11. Rfe1 Re8 12. Rad1 c4 13. Bc2 b5 14. e4 Qa5 15. a3 Qb6 16. e5 Nd7 17. Bg5 Qd8 18. Qe3 Nf8 19. Qf4 a5 20. Qg4 Bxg5 21. Nxg5 h6 22. Ngf3 Qe7 23. Nh2 b4 24. axb4 axb4 25. f4 b3 26. Bb1 Ra8 27. f5 exf5 28. Bxf5 Bc8 29. Ra1 Bxf5 30. Qxf5 Qe6 31. Qf2 Qg6 32. Rf1 Ne6 33. Qf3 Ne7 34. Rxa8 Rxa8 35. Nxc4 Ra2 36. Nd6 Nd8 37. Qf2 Qc2 38. Nb5 Qxb2 39. Qxb2 Rxb2 40. Nf3 Ra2 41. Rb1 b2 42. Kf2 Ndc6 43. Nd2 Na5 44. Ke2 Nf5 45. Nc7 Ng3+ 46. Kd3 Ne4 47. Nxd5 Nxd2 48. Kxd2 Nc4+ 49. Kc2 Ra1 50. Rxb2 Nxb2 51. Kxb2 Rg1 52. g4 Rg3 53. c4 Kf8 54. c5 Ke8 55. Nb6 Kd8 56. d5 Re3 57. Nc4 Rxh3 58. d6 Rd3 59. c6 1-0